Una fuente indirecta para el conocimiento de la España bizantina (Record no. 615817)
[ view plain ]
| 000 -CABECERA | |
|---|---|
| Campo de control de longitud fija | 00481nab a2200145Ia 4500 |
| 003 - IDENTIFICADOR DEL NÚMERO DE CONTROL | |
| Campo de control | ES-SlBCS |
| 005 - FECHA Y HORA DE LA ÚLTIMA TRANSACCIÓN | |
| Campo de control | 20210601134639.0 |
| 008 - CÓDIGOS DE INFORMACIÓN DE LONGITUD FIJA | |
| Campo de control de longitud fija | 140529s1991 xxu||||| |||| 00| 0 spa d |
| 041 ## - CÓDIGO DE LENGUA | |
| Código de lengua del texto/banda sonora o título independiente | spa |
| 100 1# - PUNTO DE ACCESO PRINCIPAL-NOMBRE DE PERSONA | |
| Nombre de persona | González Blanco, Antonino |
| 9 (RLIN) | 90153 |
| 245 00 - MENCIÓN DE TÍTULO | |
| Título | Una fuente indirecta para el conocimiento de la España bizantina |
| Mención de responsabilidad, etc. | Antonino González Blanco |
| 651 #4 - PUNTO DE ACCESO ADICIONAL DE MATERIA-NOMBRE GEOGRÁFICO | |
| Nombre geográfico | España Bizantina |
| 9 (RLIN) | 221019 |
| 773 0# - ENLACE AL DOCUMENTO FUENTE | |
| Título | Antigüedad y Cristianismo |
| Parte(s) relacionada(s) | nº. 8, 1991, págs. 23-50 |
| Número de control del registro relacionado | Rev1032 |
| 942 ## - ENTRADA DE ELEMENTOS AGREGADOS (KOHA) | |
| Koha [por defecto] tipo de item | Artículos de revista |
| Suprimido | Perdido | Estropeado | No para préstamo | Localización permanente | Localización actual | Localización en estantería | Fecha adquisición | Préstamos totales | Fecha última consulta | Fecha del precio de reemplazo | Tipo de item de Koha |
|---|---|---|---|---|---|---|---|---|---|---|---|
| San Esteban | San Esteban | Depósito de revistas | 11/07/2014 | 11/07/2014 | 11/07/2014 | Artículos de revista |
